[Event "World Chess Olympiad 2018"]
[Site "Batumi"]
[Date "2018.09.26"]
[Round "3"]
[Board "4"]
[WhiteFideId "13602799"]
[White "Sibashvili Giorgi"]
[BlackFideId "6100511"]
[Black "Espinoza Jose"]
[Result "1-0"]
[LiveChessVersion "1.4.8"]
[BlackElo "2129"]
[WhiteElo "2425"]

1. d4 {[%clk 1:30:55]} Nf6 {[%clk 1:30:41]} 2. c4 {[%clk 1:31:15]} g6
{[%clk 1:29:36]} 3. Nc3 {[%clk 1:31:36]} Bg7 {[%clk 1:28:35]} 4. e4
{[%clk 1:31:57]} d6 {[%clk 1:28:58]} 5. Nf3 {[%clk 1:30:00]} O-O {[%clk 1:26:32]}
6. h3 {[%clk 1:30:18]} c6 {[%clk 1:21:01]} 7. Be2 {[%clk 1:29:44]} Qc7
{[%clk 1:18:18]} 8. O-O {[%clk 1:23:22]} e5 {[%clk 1:17:22]} 9. Be3
{[%clk 1:14:08]} Nbd7 {[%clk 1:13:59]} 10. d5 {[%clk 1:13:12]} c5
{[%clk 1:12:41]} 11. a3 {[%clk 1:09:47]} Ne8 {[%clk 1:08:12]} 12. b4
{[%clk 1:09:06]} b6 {[%clk 1:02:48]} 13. Qa4 {[%clk 1:00:27]} h6 {[%clk 0:57:23]}
14. Rab1 {[%clk 0:53:27]} f5 {[%clk 0:51:31]} 15. Qc6 {[%clk 0:47:09]} Bb7
{[%clk 0:50:58]} 16. Qxc7 {[%clk 0:46:45]} Nxc7 {[%clk 0:51:19]} 17. bxc5
{[%clk 0:46:11]} dxc5 {[%clk 0:51:03]} 18. Nh4 {[%clk 0:43:00]} Kh7
{[%clk 0:48:29]} 19. exf5 {[%clk 0:42:22]} gxf5 {[%clk 0:44:00]} 20. Nxf5
{[%clk 0:40:45]} Rxf5 {[%clk 0:29:50]} 21. Bd3 {[%clk 0:41:01]} Raf8
{[%clk 0:30:11]} 22. g4 {[%clk 0:40:53]} e4 {[%clk 0:30:34]} 23. Nxe4
{[%clk 0:37:19]} Ne5 {[%clk 0:25:01]} 24. Bc2 {[%clk 0:37:20]} R5f7
{[%clk 0:22:15]} 25. Nxc5+ {[%clk 0:35:59]} Kh8 {[%clk 0:21:35]} 26. Nxb7
{[%clk 0:35:25]} Nxc4 {[%clk 0:20:41]} 27. Bb3 {[%clk 0:33:20]} Nxd5
{[%clk 0:17:47]} 28. Nd6 {[%clk 0:30:15]} Nxd6 {[%clk 0:18:10]} 29. Bxd5
{[%clk 0:30:38]} Rc7 {[%clk 0:18:16]} 30. Rfc1 {[%clk 0:30:26]} Rfc8
{[%clk 0:17:31]} 31. Rxc7 {[%clk 0:30:12]} Rxc7 {[%clk 0:18:00]} 32. Bf4
{[%clk 0:28:06]} Rc5 {[%clk 0:18:01]} 33. Rd1 {[%clk 0:23:25]} Nb5
{[%clk 0:14:50]} 34. Be4 {[%clk 0:20:10]} Nd4 {[%clk 0:14:39]} 35. Be3
{[%clk 0:20:12]} Rc4 {[%clk 0:14:59]} 36. Kg2 {[%clk 0:19:27]} Ne6
{[%clk 0:13:19]} 37. Bf5 {[%clk 0:18:56]} Nd4 {[%clk 0:13:29]} 38. Bd3
{[%clk 0:17:26]} Ra4 {[%clk 0:12:29]} 39. Rc1 {[%clk 0:16:53]} Kg8
{[%clk 0:08:29]} 40. Rc8+ {[%clk 0:45:27]} Kf7 {[%clk 0:38:22]} 41. Rc7+
{[%clk 0:45:47]} Kf6 {[%clk 0:37:05]} 42. Bc4 {[%clk 0:43:07]} Nc2
{[%clk 0:30:35]} 43. Bc1 {[%clk 0:42:02]} Nd4 {[%clk 0:28:01]} 44. Bb2
{[%clk 0:41:27]} Kg6 {[%clk 0:28:16]} 45. Bf7+ {[%clk 0:39:33]} 1-0

[Event "World Chess Olympiad 2018"]
[Site "Batumi"]
[Date "2018.09.26"]
[Round "3"]
[Board "1"]
[WhiteFideId "12200875"]
[White "Tagelsir Abubaker"]
[BlackFideId "4800192"]
[Black "Al-Ali Hussein Ali Hussein"]
[Result "0-1"]
[LiveChessVersion "1.4.8"]
[BlackElo "2273"]
[WhiteElo "2236"]

1. e4 {[%clk 1:30:27]} c5 {[%clk 1:30:39]} 2. Nf3 {[%clk 1:30:49]} Nc6
{[%clk 1:30:47]} 3. Bb5 {[%clk 1:31:12]} g6 {[%clk 1:31:02]} 4. Bxc6
{[%clk 1:31:03]} dxc6 {[%clk 1:31:20]} 5. d3 {[%clk 1:31:19]} Bg7
{[%clk 1:31:20]} 6. h3 {[%clk 1:31:30]} Nf6 {[%clk 1:31:29]} 7. Nc3
{[%clk 1:30:00]} O-O {[%clk 1:31:47]} 8. Be3 {[%clk 1:29:12]} b6 {[%clk 1:31:54]}
9. Qd2 {[%clk 1:29:01]} Re8 {[%clk 1:32:17]} 10. Bh6 {[%clk 1:25:03]} Bh8
{[%clk 1:32:41]} 11. O-O {[%clk 1:24:37]} e5 {[%clk 1:32:08]} 12. Nh2
{[%clk 1:21:35]} Nh5 {[%clk 1:28:55]} 13. Ne2 {[%clk 1:18:46]} a5
{[%clk 1:23:52]} 14. Rad1 {[%clk 1:17:02]} Ra7 {[%clk 1:24:10]} 15. a3
{[%clk 1:16:55]} a4 {[%clk 1:24:02]} 16. Qe3 {[%clk 1:13:31]} Be6
{[%clk 1:13:46]} 17. Kh1 {[%clk 1:10:41]} Rd7 {[%clk 0:57:49]} 18. Nc3
{[%clk 1:04:07]} Qa8 {[%clk 0:52:45]} 19. Nf3 {[%clk 1:02:46]} f6
{[%clk 0:49:37]} 20. Nd2 {[%clk 0:56:12]} Qa7 {[%clk 0:49:10]} 21. Qf3
{[%clk 0:53:50]} Rf7 {[%clk 0:46:04]} 22. Nc4 {[%clk 0:47:43]} Rd8
{[%clk 0:46:21]} 23. Ne3 {[%clk 0:48:01]} Ng7 {[%clk 0:46:22]} 24. Ng4
{[%clk 0:48:01]} Bxg4 {[%clk 0:41:36]} 25. hxg4 {[%clk 0:47:26]} Ne6
{[%clk 0:41:30]} 26. Be3 {[%clk 0:47:50]} b5 {[%clk 0:41:24]} 27. Ra1
{[%clk 0:38:31]} Qe7 {[%clk 0:40:46]} 28. g3 {[%clk 0:37:55]} Nd4
{[%clk 0:38:14]} 29. Bxd4 {[%clk 0:37:26]} cxd4 {[%clk 0:38:22]} 30. Nb1
{[%clk 0:37:33]} Qe6 {[%clk 0:38:18]} 31. Kg2 {[%clk 0:32:11]} Bg7
{[%clk 0:38:31]} 32. Rh1 {[%clk 0:31:24]} c5 {[%clk 0:38:52]} 33. Nd2
{[%clk 0:31:37]} c4 {[%clk 0:39:05]} 34. Qe2 {[%clk 0:31:55]} Rc8
{[%clk 0:39:20]} 35. dxc4 {[%clk 0:22:47]} bxc4 {[%clk 0:39:39]} 36. c3
{[%clk 0:23:12]} Rb7 {[%clk 0:39:11]} 37. Rab1 {[%clk 0:23:31]} d3
{[%clk 0:38:44]} 38. Qd1 {[%clk 0:21:11]} Qc6 {[%clk 0:39:00]} 39. Rh2
{[%clk 0:16:56]} Bf8 {[%clk 0:38:53]} 40. f3 {[%clk 0:45:22]} Rcb8
{[%clk 1:09:10]} 41. Qc1 {[%clk 0:43:45]} Qe6 {[%clk 1:09:23]} 42. Kh1
{[%clk 0:42:44]} Bc5 {[%clk 1:09:36]} 43. Rg2 {[%clk 0:39:23]} Be3
{[%clk 1:08:05]} 44. Qe1 {[%clk 0:38:10]} Bg5 {[%clk 1:07:52]} 45. Nf1
{[%clk 0:35:04]} Qd6 {[%clk 1:07:51]} 46. Ne3 {[%clk 0:34:44]} Bxe3
{[%clk 1:06:37]} 47. Qxe3 {[%clk 0:34:40]} g5 {[%clk 1:06:42]} 48. Rd2
{[%clk 0:33:46]} Qb6 {[%clk 1:06:43]} 49. Qe1 {[%clk 0:33:32]} Qc5
{[%clk 1:06:53]} 50. Kg2 {[%clk 0:33:43]} Rb3 {[%clk 1:06:59]} 51. Qh1
{[%clk 0:33:51]} Qe3 {[%clk 1:05:31]} 52. Qd1 {[%clk 0:29:35]} Kg7
{[%clk 1:05:36]} 53. Rf2 {[%clk 0:29:30]} Qb6 {[%clk 1:05:56]} 54. Qh1
{[%clk 0:25:07]} Qxf2+ 0-1

[Event "World Chess Olympiad 2018"]
[Site "Batumi"]
[Date "2018.09.26"]
[Round "3"]
[Board "2"]
[WhiteFideId "4800249"]
[White "Noah A .H. Al-Ali"]
[BlackFideId "12202576"]
[Black "Abdelazeez Mohamed Abdalla"]
[Result "1-0"]
[LiveChessVersion "1.4.8"]
[BlackElo "2183"]
[WhiteElo "2276"]

1. e4 {[%clk 1:30:00]} c5 {[%clk 1:30:43]} 2. Nf3 {[%clk 1:30:22]} d6
{[%clk 1:31:01]} 3. Bc4 {[%clk 1:30:26]} e6 {[%clk 1:29:29]} 4. Qe2
{[%clk 1:30:32]} Nc6 {[%clk 1:27:18]} 5. c3 {[%clk 1:24:56]} Nf6 {[%clk 1:17:46]}
6. Bb3 {[%clk 1:22:26]} Qc7 {[%clk 1:09:45]} 7. O-O {[%clk 1:15:29]} Be7
{[%clk 1:08:32]} 8. d4 {[%clk 1:13:37]} O-O {[%clk 1:08:11]} 9. dxc5
{[%clk 1:01:45]} dxc5 {[%clk 1:08:27]} 10. e5 {[%clk 1:02:13]} Nd7
{[%clk 1:08:33]} 11. Re1 {[%clk 0:59:50]} Rd8 {[%clk 1:04:33]} 12. Bc2
{[%clk 0:57:44]} Nf8 {[%clk 1:04:25]} 13. h4 {[%clk 0:50:07]} b6 {[%clk 0:54:44]}
14. Qe4 {[%clk 0:46:40]} Ba6 {[%clk 0:48:02]} 15. h5 {[%clk 0:46:20]} Rd5
{[%clk 0:43:45]} 16. Nbd2 {[%clk 0:19:42]} Rad8 {[%clk 0:38:59]} 17. Nf1
{[%clk 0:17:49]} Bd3 {[%clk 0:32:26]} 18. Bxd3 {[%clk 0:18:18]} Rxd3
{[%clk 0:32:42]} 19. Bf4 {[%clk 0:12:09]} R3d7 {[%clk 0:22:37]} 20. h6
{[%clk 0:09:54]} g6 {[%clk 0:15:27]} 21. N1h2 {[%clk 0:10:23]} Na5
{[%clk 0:15:02]} 22. Bg5 {[%clk 0:08:44]} Bxg5 23. Nxg5 Rd2 {[%clk 0:12:07]} 24.
Ng4 {[%clk 0:06:30]} Qe7 {[%clk 0:12:14]} 25. Qf4 {[%clk 0:04:08]} R2d7
{[%clk 0:06:33]} 26. Nf6+ {[%clk 0:03:06]} Kh8 {[%clk 0:06:42]} 27. Nxd7
{[%clk 0:03:06]} Rxd7 {[%clk 0:06:52]} 28. Rad1 {[%clk 0:03:24]} Rc7
{[%clk 0:05:43]} 29. Rd8 {[%clk 0:02:38]} Kg8 {[%clk 0:05:12]} 30. Red1
{[%clk 0:02:01]} Nc6 {[%clk 0:05:19]} 31. Ra8 {[%clk 0:02:00]} b5
{[%clk 0:03:48]} 32. Ne4 {[%clk 0:01:32]} a5 {[%clk 0:03:14]} 33. Qf6
{[%clk 0:01:25]} 1-0

[Event "World Chess Olympiad 2018"]
[Site "Batumi"]
[Date "2018.09.26"]
[Round "3"]
[Board "3"]
[WhiteFideId "12202606"]
[White "Mohamed Faisal"]
[BlackFideId "4801040"]
[Black "Al-Saffar Araz Basim Mohammed S"]
[Result "1/2-1/2"]
[LiveChessVersion "1.4.8"]
[BlackElo "2400"]
[WhiteElo "2127"]

1. Nf3 {[%clk 1:29:56]} Nf6 {[%clk 1:30:34]} 2. c4 {[%clk 1:30:02]} e6
{[%clk 1:30:24]} 3. e3 {[%clk 1:29:36]} b6 {[%clk 1:27:17]} 4. b3
{[%clk 1:27:52]} Bb7 {[%clk 1:25:25]} 5. Bb2 {[%clk 1:22:15]} d5 {[%clk 1:25:48]}
6. Nc3 {[%clk 1:21:36]} Bd6 {[%clk 1:25:17]} 7. cxd5 {[%clk 1:17:56]} exd5
{[%clk 1:24:23]} 8. Nb5 {[%clk 1:17:32]} Be7 {[%clk 1:22:44]} 9. Rc1
{[%clk 1:14:34]} c6 {[%clk 1:20:07]} 10. Nbd4 {[%clk 1:12:27]} g6
{[%clk 1:11:21]} 11. Ne5 {[%clk 1:05:09]} Qd6 {[%clk 1:09:07]} 12. Qc2
{[%clk 0:41:37]} c5 {[%clk 1:00:55]} 13. Bb5+ {[%clk 0:40:04]} Kf8
{[%clk 1:01:10]} 14. Ndf3 {[%clk 0:39:14]} Nc6 {[%clk 0:50:13]} 15. Nxc6
{[%clk 0:37:38]} Bxc6 {[%clk 0:50:34]} 16. Bxc6 {[%clk 0:37:49]} Qxc6
{[%clk 0:50:59]} 17. O-O {[%clk 0:38:01]} Kg7 {[%clk 0:48:47]} 18. d4
{[%clk 0:34:11]} Qe6 {[%clk 0:45:44]} 19. dxc5 {[%clk 0:31:13]} bxc5
{[%clk 0:43:18]} 20. Rfd1 {[%clk 0:29:57]} Rhd8 {[%clk 0:42:42]} 21. Qc3
{[%clk 0:27:57]} a5 {[%clk 0:38:31]} 22. Rd2 {[%clk 0:24:17]} a4 {[%clk 0:37:14]}
23. Rcd1 {[%clk 0:21:25]} axb3 {[%clk 0:37:03]} 24. axb3 {[%clk 0:19:48]} Rab8
{[%clk 0:35:59]} 25. Qc2 {[%clk 0:18:01]} Rb5 {[%clk 0:30:38]} 26. Ng5
{[%clk 0:15:24]} Qb6 {[%clk 0:17:51]} 27. Rxd5 {[%clk 0:12:29]} Rxd5
{[%clk 0:16:03]} 28. Rxd5 {[%clk 0:12:48]} Rxb3 {[%clk 0:15:38]} 29. Be5
{[%clk 0:11:29]} Rb1+ {[%clk 0:12:05]} 30. Rd1 {[%clk 0:11:52]} Rxd1+
{[%clk 0:12:30]} 31. Qxd1 {[%clk 0:12:13]} Qc6 {[%clk 0:12:36]} 32. f3
{[%clk 0:08:15]} h6 {[%clk 0:09:41]} 33. Ne4 {[%clk 0:08:30]} Kg8
{[%clk 0:09:50]} 34. Bxf6 {[%clk 0:06:51]} Bxf6 {[%clk 0:10:17]} 35. Qd6
{[%clk 0:07:02]} Qxd6 {[%clk 0:10:25]} 36. Nxd6 {[%clk 0:07:24]} Kf8
{[%clk 0:08:12]} 37. Kf2 {[%clk 0:06:06]} Ke7 {[%clk 0:05:30]} 38. Nc4
{[%clk 0:05:50]} Ke6 {[%clk 0:05:20]} 39. Ke2 {[%clk 0:05:47]} Be5
{[%clk 0:05:36]} 40. f4 {[%clk 0:33:36]} Bc7 {[%clk 0:35:57]} 41. h3
{[%clk 0:28:54]} Kf5 {[%clk 0:27:56]} 42. Kf3 {[%clk 0:25:15]} Ke6
{[%clk 0:27:09]} 43. e4 {[%clk 0:21:03]} f6 {[%clk 0:21:37]} 44. g4
{[%clk 0:19:39]} g5 {[%clk 0:21:44]} 45. f5+ {[%clk 0:19:03]} Kd7
{[%clk 0:22:07]} 46. Ke3 {[%clk 0:19:07]} Kc6 {[%clk 0:19:46]} 47. Kd3
{[%clk 0:19:13]} Bh2 {[%clk 0:17:10]} 48. Kc3 {[%clk 0:15:26]} Bg1
{[%clk 0:16:53]} 49. Kb3 {[%clk 0:14:48]} Bd4 {[%clk 0:16:14]} 50. Ka4
{[%clk 0:14:16]} Ba1 {[%clk 0:14:24]} 51. Ka5 {[%clk 0:09:27]} Bd4
{[%clk 0:14:14]} 52. Ka4 {[%clk 0:06:01]} Bc3 {[%clk 0:13:45]} 53. Kb3
{[%clk 0:06:07]} Bd4 {[%clk 0:13:27]} 54. Kc2 {[%clk 0:05:49]} Ba1
{[%clk 0:12:39]} 55. Kd3 {[%clk 0:05:48]} Bd4 {[%clk 0:11:45]} 56. Na3
{[%clk 0:05:08]} Bb2 {[%clk 0:10:37]} 57. Nc4 {[%clk 0:05:16]} Ba1
{[%clk 0:10:00]} 58. Na5+ {[%clk 0:04:51]} Kb5 {[%clk 0:10:02]} 59. Nc4
{[%clk 0:04:44]} Kc6 {[%clk 0:07:35]} 60. Nd2 {[%clk 0:03:32]} Kb5
{[%clk 0:06:16]} 1/2-1/2

[Event "World Chess Olympiad 2018"]
[Site "Batumi"]
[Date "2018.09.26"]
[Round "3"]
[Board "4"]
[WhiteFideId "4801695"]
[White "Muhseen ABdullah Mohammed"]
[BlackFideId "12200174"]
[Black "Khalid El Amin"]
[Result "0-1"]
[LiveChessVersion "1.4.8"]
[BlackElo "2054"]
[WhiteElo "2220"]

1. d4 {[%clk 1:30:54]} d6 {[%clk 1:30:50]} 2. c4 {[%clk 1:30:55]} e5
{[%clk 1:31:08]} 3. Nf3 {[%clk 1:29:09]} e4 {[%clk 1:28:44]} 4. Ng5
{[%clk 1:26:37]} f5 {[%clk 1:27:13]} 5. Nc3 {[%clk 1:25:03]} h6 {[%clk 1:27:20]}
6. Nh3 {[%clk 1:24:09]} g5 {[%clk 1:25:55]} 7. f3 {[%clk 1:19:00]} exf3
{[%clk 1:25:29]} 8. exf3 {[%clk 1:17:59]} Nf6 {[%clk 1:25:27]} 9. Bd3
{[%clk 1:18:08]} Nc6 {[%clk 1:25:06]} 10. Ne2 {[%clk 1:00:13]} Bg7
{[%clk 1:23:35]} 11. Qc2 {[%clk 0:58:21]} f4 {[%clk 1:15:52]} 12. Bg6+
{[%clk 0:57:37]} Kf8 {[%clk 1:16:03]} 13. Nf2 {[%clk 0:56:44]} Ng8
{[%clk 1:12:36]} 14. d5 {[%clk 0:51:05]} Ne5 {[%clk 1:12:07]} 15. Bf5
{[%clk 0:50:04]} Bxf5 {[%clk 1:10:50]} 16. Qxf5+ {[%clk 0:49:18]} Qf6
{[%clk 1:11:11]} 17. Qc2 {[%clk 0:49:20]} c6 {[%clk 1:03:00]} 18. Ne4
{[%clk 0:47:32]} Qe7 {[%clk 1:02:38]} 19. Nd4 {[%clk 0:44:54]} Nxf3+
{[%clk 0:55:37]} 20. Nxf3 {[%clk 0:38:30]} Re8 {[%clk 0:53:20]} 21. O-O
{[%clk 0:35:13]} Qxe4 {[%clk 0:53:33]} 22. Qb3 {[%clk 0:35:32]} cxd5
{[%clk 0:50:34]} 23. cxd5 {[%clk 0:31:17]} Ne7 {[%clk 0:46:10]} 24. Qxb7
{[%clk 0:27:31]} Nxd5 {[%clk 0:37:41]} 25. Qa6 {[%clk 0:22:08]} Bd4+
{[%clk 0:33:41]} 26. Nxd4 {[%clk 0:21:22]} Qxd4+ {[%clk 0:34:01]} 27. Kh1
{[%clk 0:21:44]} Nb4 {[%clk 0:33:28]} 28. Qa5 {[%clk 0:19:59]} Re2
{[%clk 0:26:18]} 29. Qf5+ {[%clk 0:13:34]} Kg7 {[%clk 0:26:11]} 30. Bxf4
{[%clk 0:13:54]} Rhe8 {[%clk 0:13:18]} 31. Bg3 {[%clk 0:12:32]} Qd5
{[%clk 0:08:11]} 32. Qf6+ {[%clk 0:10:54]} Kh7 {[%clk 0:08:12]} 33. Rg1
{[%clk 0:08:24]} Qe6 {[%clk 0:05:55]} 34. Qc3 {[%clk 0:07:00]} Nd5
{[%clk 0:05:19]} 35. Qa3 {[%clk 0:07:02]} Nf4 {[%clk 0:04:57]} 36. Bxf4
{[%clk 0:03:55]} gxf4 {[%clk 0:05:13]} 37. Rad1 {[%clk 0:04:06]} Rd8
{[%clk 0:04:45]} 38. Qxa7+ {[%clk 0:04:06]} Rd7 {[%clk 0:05:08]} 39. Qd4
{[%clk 0:02:36]} Re4 {[%clk 0:04:07]} 40. Qd3 {[%clk 0:32:28]} Kg7
{[%clk 0:33:56]} 41. g3 {[%clk 0:29:29]} f3 {[%clk 0:32:06]} 42. Qxf3
{[%clk 0:29:14]} Re3 {[%clk 0:32:13]} 43. Qc6 {[%clk 0:28:19]} Re2
{[%clk 0:31:48]} 44. Qc3+ {[%clk 0:23:59]} Kg8 {[%clk 0:30:39]} 45. Qc6
{[%clk 0:13:56]} Rc7 {[%clk 0:26:34]} 46. Qd5 {[%clk 0:11:21]} Qxd5+
{[%clk 0:26:43]} 47. Rxd5 {[%clk 0:11:43]} Rcc2 {[%clk 0:27:06]} 48. Rh5
{[%clk 0:11:47]} d5 {[%clk 0:26:52]} 49. g4 {[%clk 0:12:01]} d4 {[%clk 0:25:44]}
50. g5 {[%clk 0:12:07]} d3 {[%clk 0:25:17]} 51. gxh6+ {[%clk 0:12:15]} Kh7
{[%clk 0:25:23]} 52. Rg7+ {[%clk 0:10:54]} Kh8 {[%clk 0:25:45]} 53. Rd5
{[%clk 0:10:49]} Rc1+ {[%clk 0:24:48]} 54. Rg1 {[%clk 0:10:55]} Rxg1+
{[%clk 0:25:02]} 55. Kxg1 {[%clk 0:10:56]} d2 {[%clk 0:25:20]} 56. b4
{[%clk 0:10:22]} Re1+ {[%clk 0:25:22]} 57. Kf2 {[%clk 0:10:44]} d1=Q
{[%clk 0:25:40]} 58. Rxd1 {[%clk 0:10:51]} Rxd1 {[%clk 0:26:09]} 59. Ke3
{[%clk 0:10:20]} Kh7 {[%clk 0:24:47]} 60. b5 {[%clk 0:10:17]} Rb1
{[%clk 0:24:15]} 61. Kd3 {[%clk 0:09:19]} Rxb5 {[%clk 0:24:28]} 62. Kc4
{[%clk 0:09:10]} Ra5 {[%clk 0:21:45]} 63. Kb3 {[%clk 0:09:35]} Kxh6
{[%clk 0:22:03]} 64. a4 {[%clk 0:10:03]} Kg6 {[%clk 0:22:20]} 65. Kb4
{[%clk 0:10:28]} Ra8 {[%clk 0:22:38]} 66. a5 {[%clk 0:10:46]} Kf6
{[%clk 0:22:46]} 67. Kb5 {[%clk 0:11:06]} Ke6 {[%clk 0:22:40]} 68. a6
{[%clk 0:06:14]} Kd6 {[%clk 0:22:50]} 69. Kb6 {[%clk 0:06:33]} Rb8+
{[%clk 0:22:53]} 70. Ka5 {[%clk 0:06:56]} Rb2 {[%clk 0:20:34]} 71. a7
{[%clk 0:07:08]} Kc7 {[%clk 0:20:40]} 72. a8=N+ {[%clk 0:05:30]} Kb7
{[%clk 0:21:01]} 0-1

[Event "World Chess Olympiad 2018"]
[Site "Batumi"]
[Date "2018.09.26"]
[Round "3"]
[Board "1"]
[WhiteFideId "14117908"]
[White "Kovalenko Igor"]
[BlackFideId "11101644"]
[Black "Husbands Orlando"]
[Result "1-0"]
[LiveChessVersion "1.4.8"]
[BlackElo "2262"]
[WhiteElo "2646"]

1. Nf3 {[%clk 1:30:58]} d5 {[%clk 1:30:59]} 2. e3 {[%clk 1:31:09]} Nf6
{[%clk 1:31:26]} 3. c4 {[%clk 1:31:36]} e6 {[%clk 1:31:30]} 4. b3
{[%clk 1:32:01]} Be7 {[%clk 1:31:27]} 5. Bb2 {[%clk 1:32:27]} O-O
{[%clk 1:31:31]} 6. Nc3 {[%clk 1:32:37]} b6 {[%clk 1:27:16]} 7. cxd5
{[%clk 1:30:34]} exd5 {[%clk 1:27:15]} 8. d4 {[%clk 1:30:48]} Bb7
{[%clk 1:27:31]} 9. Bd3 {[%clk 1:31:13]} Nbd7 {[%clk 1:27:15]} 10. O-O
{[%clk 1:31:27]} Re8 {[%clk 1:11:29]} 11. Rc1 {[%clk 1:25:09]} a6
{[%clk 1:10:31]} 12. Ne5 {[%clk 1:25:24]} Nxe5 {[%clk 1:08:05]} 13. dxe5
{[%clk 1:24:39]} Nd7 {[%clk 1:08:00]} 14. Ne2 {[%clk 1:22:19]} Bc5
{[%clk 0:57:15]} 15. Qc2 {[%clk 1:17:24]} h6 {[%clk 0:53:48]} 16. b4
{[%clk 1:17:43]} Bxb4 {[%clk 0:54:11]} 17. Qxc7 {[%clk 1:18:09]} Nc5
{[%clk 0:54:29]} 18. Rxc5 {[%clk 1:15:04]} bxc5 {[%clk 0:34:26]} 19. Qxb7
{[%clk 1:15:25]} Re6 {[%clk 0:34:50]} 20. Nf4 {[%clk 1:15:40]} Re7
{[%clk 0:24:01]} 21. Qxd5 {[%clk 1:15:52]} Qxd5 {[%clk 0:24:16]} 22. Nxd5
{[%clk 1:16:18]} Rd7 {[%clk 0:24:28]} 23. Bc4 {[%clk 1:16:42]} Rad8
{[%clk 0:23:25]} 24. e4 {[%clk 1:17:02]} 1-0

[Event "World Chess Olympiad 2018"]
[Site "Batumi"]
[Date "2018.09.26"]
[Round "3"]
[Board "2"]
[WhiteFideId "11100400"]
[White "Del Castilho Martyn"]
[BlackFideId "11602740"]
[Black "Meshkovs Nikita"]
[Result "1/2-1/2"]
[LiveChessVersion "1.4.8"]
[BlackElo "2535"]
[WhiteElo "2250"]

1. e4 {[%clk 1:30:56]} c5 {[%clk 1:30:55]} 2. Nf3 {[%clk 1:31:21]} e6
{[%clk 1:31:19]} 3. d4 {[%clk 1:31:45]} cxd4 {[%clk 1:31:44]} 4. Nxd4
{[%clk 1:32:09]} Nc6 {[%clk 1:32:08]} 5. Nc3 {[%clk 1:32:33]} Qc7
{[%clk 1:32:33]} 6. Be3 {[%clk 1:32:44]} a6 {[%clk 1:32:55]} 7. Qf3
{[%clk 1:32:43]} Ne5 {[%clk 1:29:34]} 8. Qg3 {[%clk 1:32:45]} h5 {[%clk 1:29:50]}
9. O-O-O {[%clk 1:32:50]} h4 {[%clk 1:27:55]} 10. Qh3 {[%clk 1:33:09]} Bb4
{[%clk 1:28:17]} 11. Bd2 {[%clk 1:26:06]} Nf6 {[%clk 1:20:13]} 12. f4
{[%clk 1:16:50]} Ng6 {[%clk 1:20:37]} 13. Nde2 {[%clk 1:07:34]} d6
{[%clk 1:11:12]} 14. Kb1 {[%clk 1:02:18]} Bc5 {[%clk 1:10:01]} 15. Be3
{[%clk 1:00:27]} Bd7 {[%clk 1:09:24]} 16. Bxc5 {[%clk 0:59:54]} Qxc5
{[%clk 1:09:47]} 17. Qd3 {[%clk 0:58:10]} Bc6 {[%clk 1:00:07]} 18. Qxd6
{[%clk 0:40:51]} Qxd6 {[%clk 0:59:09]} 19. Rxd6 {[%clk 0:41:19]} Nxe4
{[%clk 0:58:56]} 20. Nxe4 {[%clk 0:40:24]} Bxe4 {[%clk 0:59:19]} 21. Rd4
{[%clk 0:33:45]} Bc6 {[%clk 0:59:43]} 22. Rg1 {[%clk 0:33:57]} Ke7
{[%clk 0:58:38]} 23. Kc1 {[%clk 0:33:18]} Kf6 {[%clk 0:55:26]} 24. Nc3
{[%clk 0:31:53]} Rad8 {[%clk 0:53:58]} 25. Rxd8 {[%clk 0:31:17]} Rxd8
{[%clk 0:54:22]} 26. g3 {[%clk 0:31:01]} hxg3 {[%clk 0:53:59]} 27. hxg3
{[%clk 0:31:29]} e5 {[%clk 0:54:21]} 28. fxe5+ {[%clk 0:28:40]} Nxe5
{[%clk 0:54:41]} 29. Bg2 {[%clk 0:25:45]} Kf5 {[%clk 0:54:48]} 30. Bxc6
{[%clk 0:24:50]} bxc6 {[%clk 0:55:12]} 31. Re1 {[%clk 0:14:26]} Rd4
{[%clk 0:42:28]} 32. Re3 {[%clk 0:09:38]} g5 {[%clk 0:24:45]} 33. Nd1
{[%clk 0:07:53]} Ra4 {[%clk 0:25:14]} 34. Nc3 {[%clk 0:05:00]} Ra5
{[%clk 0:25:24]} 35. a4 {[%clk 0:01:41]} Rc5 {[%clk 0:22:08]} 36. Ne4
{[%clk 0:01:05]} Rd5 {[%clk 0:22:25]} 37. Nf2 {[%clk 0:01:14]} f6
{[%clk 0:20:17]} 38. Re4 {[%clk 0:01:19]} Rd8 {[%clk 0:17:13]} 39. Rb4
{[%clk 0:01:14]} Rh8 {[%clk 0:17:22]} 40. Kd1 {[%clk 0:31:13]} Rh2
{[%clk 0:46:22]} 41. Ke1 {[%clk 0:30:18]} Rg2 {[%clk 0:40:51]} 42. Rb3
{[%clk 0:30:30]} Rg1+ {[%clk 0:40:02]} 43. Ke2 {[%clk 0:28:50]} g4
{[%clk 0:38:20]} 44. Rc3 {[%clk 0:25:09]} a5 {[%clk 0:33:42]} 45. b3
{[%clk 0:24:44]} Ke6 {[%clk 0:24:59]} 46. Ne4 {[%clk 0:15:56]} f5
{[%clk 0:23:54]} 47. Kf2 {[%clk 0:15:23]} Rd1 {[%clk 0:21:16]} 48. Ke2
{[%clk 0:12:12]} Rh1 {[%clk 0:21:34]} 49. Nf2 {[%clk 0:03:38]} Rg1
{[%clk 0:21:42]} 50. Nd3 {[%clk 0:03:22]} Nxd3 {[%clk 0:20:42]} 51. Rxd3
{[%clk 0:03:04]} Rg2+ {[%clk 0:21:06]} 52. Kd1 {[%clk 0:03:23]} Ke5
{[%clk 0:13:02]} 53. Rc3 {[%clk 0:03:34]} Kd4 {[%clk 0:13:31]} 54. Rd3+
{[%clk 0:03:07]} Ke4 {[%clk 0:14:00]} 55. Rc3 {[%clk 0:03:21]} Kd4
{[%clk 0:06:26]} 56. Rd3+ {[%clk 0:03:45]} Ke4 {[%clk 0:04:20]} 57. Rc3
{[%clk 0:04:10]} Kd4 {[%clk 0:03:47]} 1/2-1/2